| 000 | 00564nam a22002057a 4500 | ||
|---|---|---|---|
| 003 | OSt | ||
| 005 | 20251218160146.0 | ||
| 008 | 251218b |||||||| |||| 00| 0 eng d | ||
| 040 | _cDCL | ||
| 041 | _aEnglish | ||
| 082 | _a959.1 | ||
| 100 | 0 | _aAung San Suu Kyi | |
| 245 | 1 | 0 |
_aLet's Visit Burma / _cAung San Suu Kyi. |
| 260 |
_aLondon : _bBurke Publication, _c1985. |
||
| 300 |
_ax, 363 pages : _bmap ; _c20 cm. |
||
| 500 | _aInclude index. | ||
| 651 |
_aMyanmar _vHistory |
||
| 651 |
_aMyanmar _xSocial Life and customs |
||
| 942 |
_2ddc _cSHORT TERM _n0 |
||
| 999 |
_c2757 _d2757 |
||